00453nam a2200157Ia 4500008004100000040001900041041001200060082002400072100002400096245005100120260003600171300003000207650002000237651002000257850001800277131103s9999 xx 000 0 und d aLoreto College aEnglish a954/ROYbLCBED/4311 aRoy, Bidhan Chandra aTowards a prosperous IndiacBidhan Chandra Roy aCalcuttabPulinbihari Senc1964 axiii,464p.b ill.c 24cm. aHistory - India aIndia - History aLCBED/900/ROY